00446nam a22001457a 450000500170000000800410001702000150005804100120007308200120008510000120009724500610010926000800017030000260025065000240027620231030092057.0231030b |||||||| |||| 00| 0 eng d a0620054905 aEnglish a349 REA lEnglish aReaders Digest Family Guide to The Law in South Africa / aCape Town : bThe Reader's Digest Association South Africa (Pty) Ltd,c1982 b771 pages; c29,5 cm. aLegal practicebLaw